| 000 | 00583nam a22001937a 4500 | ||
|---|---|---|---|
| 999 |
_c526696 _d526696 |
||
| 003 | NUST | ||
| 005 | 20190715072850.0 | ||
| 008 | 190715b ||||| |||| 00| 0 eng d | ||
| 038 | _aFaiza | ||
| 082 |
_a891.43915 _bANA |
||
| 100 |
_aAnam Ul Haq Kousar _917697 |
||
| 245 |
_aBlochistan main Nonihalon ka Adab / _cAnam Ul Haq Kousar |
||
| 260 |
_aQuetta: _bSeerat Academy, _c1999. |
||
| 300 | _a219p. ; | ||
| 500 | _aHard Cover | ||
| 880 |
_6100-01\r _aانعام الحق کوثر |
||
| 880 |
_6245-02\r _a /بلوچستان میں نو نہالوں کا ادب |
||
| 942 |
_2ddc _cBK |
||